| 000 | 01658nam a2200373 c 4500 | ||
|---|---|---|---|
| 003 | BLK | ||
| 005 | 20250225005538.0 | ||
| 008 | 180412b bul|||||r ||||||| ||bul|| | ||
| 010 | _aKNG00012276000 | ||
| 020 |
_a954-07-0890-7 _bиздат.: Унив. изд. Св. Климент Охридски |
||
| 040 | _aBLK | ||
| 041 |
_aBUL _cBUL |
||
| 080 |
_aБългарска литература _b821.163.2 _x(092) _z821.163.2(092) |
||
| 080 |
_aБългарска литература _b821.163.2 _x-1.01 _z821.163.2-1.01 |
||
| 080 |
_aХристо Ботьов Петков, български национален герой, революционер, поет и публицист _b929 Ботев, Христо _x _z929 Ботев, Христо |
||
| 100 | 1 |
_aБумбалов, Любен Стоянов _eпърви автор _9364425 |
|
| 139 |
_aБумбалов, Любен Стоянов _bБ 85 |
||
| 245 | 1 | 0 |
_a"Хаджи Димитър" на Ботев _bФеноменология на бълг. душевност _cЛюбен Стоянов Бумбалов. |
| 257 | _aBGR | ||
| 260 |
_аСофия _bУнив. изд. Св. Климент Охридски _c1996 |
||
| 300 |
_a276 с. _c21 см |
||
| 380 | _a82 | ||
| 500 | _a465 тир. | ||
| 650 | 4 |
_aЛирика, българска - анализ _9250253 |
|
| 650 | 4 |
_aПоети, български _9241945 |
|
| 653 | _aХристо Ботев | ||
| 653 | _aбългарски поети | ||
| 852 | _aЦб 188884 | ||
| 856 | 4 |
_qpdf _u |
|
| 856 | 4 |
_qpdf _u |
|
| 942 |
_cKNG _n0 |
||
| 944 |
_aCR _c13.02.2003 _k _lCRON CRON |
||
| 944 |
_aED _c24.10.2005 _k |
||
| 999 |
_c10766 _d10766 |
||